5HLuxD.jpg

KING HENRY VIII SENIOR AND PRIMARY SCHOOL LIBRARY OPAC

Atonement / (Record no. 2426)

000 -LEADER
fixed length control field 01331nam a2200361 i 4500
001 - CONTROL NUMBER
control field 015375141
003 - CONTROL NUMBER IDENTIFIER
control field UkOxU
005 - DATE AND TIME OF LATEST TRANSACTION
control field 20230512095531.0
008 - FIXED-LENGTH DATA ELEMENTS--GENERAL INFORMATION
fixed length control field 020130s2002 enk 000 1 eng d
020 ## - INTERNATIONAL STANDARD BOOK NUMBER
International Standard Book Number 9780099429791
035 ## - SYSTEM CONTROL NUMBER
System control number BNB2678.560
040 ## - CATALOGING SOURCE
Original cataloging agency BDS
Language of cataloging eng
Description conventions rda
Transcribing agency UkOxU
Modifying agency KH8
082 ## - DEWEY DECIMAL CLASSIFICATION NUMBER
Classification number FIC MCE
100 1# - MAIN ENTRY--PERSONAL NAME
Personal name McEwan, Ian,
Relator term author.
245 10 - TITLE STATEMENT
Title Atonement /
Statement of responsibility, etc. Ian McEwan.
264 #1 - PRODUCTION, PUBLICATION, DISTRIBUTION, MANUFACTURE, AND COPYRIGHT NOTICE
Place of production, publication, distribution, manufacture London :
Name of producer, publisher, distributor, manufacturer Vintage,
Date of production, publication, distribution, manufacture, or copyright notice 2002.
300 ## - PHYSICAL DESCRIPTION
Extent 371 pages ;
Dimensions 20 cm
336 ## - CONTENT TYPE
Content type term text
Source rdacontent
337 ## - MEDIA TYPE
Media type term unmediated
Source rdamedia
338 ## - CARRIER TYPE
Carrier type term volume
Source rdacarrier
500 ## - GENERAL NOTE
General note Originally published: London : Jonathan Cape, 2001.
520 ## - SUMMARY, ETC.
Summary, etc. On the hottest day of the summer of 1935, thirteen year old Briony Tallis sees her sister Cecillia strip off her clothes and plunge into the fountain in the garden of her country house. Watching her is Robbie Turner, Her childhood friend who, like Cecilia, has recently come down from Cambridge.
586 ## - AWARDS NOTE
Awards note Man Booker Prize for Fiction, 2001, shortlist.
650 #0 - SUBJECT ADDED ENTRY--TOPICAL TERM
Topical term or geographic name entry element Teenage girls
Form subdivision Fiction.
650 #0 - SUBJECT ADDED ENTRY--TOPICAL TERM
Topical term or geographic name entry element Country life
Form subdivision Fiction.
650 #0 - SUBJECT ADDED ENTRY--TOPICAL TERM
Topical term or geographic name entry element Judicial error
Form subdivision Fiction.
650 #0 - SUBJECT ADDED ENTRY--TOPICAL TERM
Topical term or geographic name entry element Ex-convicts
Form subdivision Fiction.
650 #0 - SUBJECT ADDED ENTRY--TOPICAL TERM
Topical term or geographic name entry element Sisters
Form subdivision Fiction.
650 #0 - SUBJECT ADDED ENTRY--TOPICAL TERM
Topical term or geographic name entry element Guilt
Form subdivision Fiction.
650 #1 - SUBJECT ADDED ENTRY--TOPICAL TERM
Topical term or geographic name entry element Life change events
Form subdivision Fiction.
651 #0 - SUBJECT ADDED ENTRY--GEOGRAPHIC NAME
Geographic name England
Form subdivision Fiction.
942 ## - ADDED ENTRY ELEMENTS (KOHA)
Source of classification or shelving scheme
Koha item type Books - Fiction
Holdings
Withdrawn status Lost status Source of classification or shelving scheme Damaged status Not for loan Collection code Permanent Location Current Location Shelving location Date acquired Total Checkouts Full call number Barcode Date last seen Date last checked out Price effective from Koha item type
          Fiction KH8 Senior School Library KH8 Senior School Library Fiction 2023-05-12 1 FIC MCE 3KHSL000101990 2023-05-22 2023-05-22 2023-05-12 Books - Fiction
          Teaching Resources KH8 Senior School Library KH8 Senior School Library Staff Office 2023-08-23   FIC MCE CSKHSL000117 2023-08-23   2023-08-23 Teaching Resources
          Teaching Resources KH8 Senior School Library KH8 Senior School Library Staff Office 2023-08-23   FIC MCE CSKHSL000119 2023-08-23   2023-08-23 Teaching Resources
          Teaching Resources KH8 Senior School Library KH8 Senior School Library Staff Office 2023-08-23   FIC MCE CSKHSL000120 2023-08-23   2023-08-23 Teaching Resources
          Teaching Resources KH8 Senior School Library KH8 Senior School Library Staff Office 2024-11-01   FIC MCE CKHSL000239 2024-11-01   2024-11-01 Teaching Resources

Powered By KH8 IT Dept